000 00315pab a2200133 454500
008 180718b xxu||||| |||| 00| 0 eng d
100 _aSahay S.
245 _aMore about judges
362 _a24 Sep 93, p.13
650 _a Judges
650 _aJustice, Administration of
773 _aHindustan Times
909 _a24974
999 _c24974
_d24974